Ciutat més poblada de cada comarca (Catalunya) - Statistics

General Stats
  • This quiz has been taken 184 times
  • The average score is 36 of 42
Answer Stats
Comarca Població Resposta % Correct
Barcelonès 1.664.182 Barcelona
96%
Segrià 138.956 Lleida
96%
Gironès 100.266 Girona
94%
Bages 75.152 Manresa
94%
Tarragonès 131.507 Tarragona
94%
Aran 5.559 Vielha e Mijaran
94%
Baix Camp 106.168 Reus
93%
Vallès Occidental 218.535 Terrassa
93%
Maresme 129.661 Mataró
92%
Ripollès 10.632 Ripoll
92%
Montsià 20.654 Amposta
91%
Berguedà 16.596 Berga
91%
Alt Empordà 45.262 Figueres
91%
Garrotxa 32.337 Olot
91%
Cerdanya 8.949 Puigcerdà
91%
Solsonès 9.000 Solsona
91%
Osona 46.214 Vic
91%
Anoia 39.967 Igualada
89%
Moianès 5.760 Moià
89%
Pallars Jussà 6.022 Tremp
89%
Alt Penedès 36.656 Vilafranca del Penedès
89%
Garraf 66.077 Vilanova i la Geltrú
89%
Vallès Oriental 60.658 Granollers
88%
Pallars Sobirà 2.149 Sort
87%
Baix Ebre 33.372 Tortosa
87%
Pla de l'Estany 17.451 Banyoles
86%
Alt Urgell 12.185 La Seu d'Urgell
86%
Alt Camp 24.477 Valls
84%
Priorat 2.834 Falset
80%
Baix Llobregat 88.592 Cornellà de Llobregat
79%
Alta Ribagorça 2.220 El Pont de Suert
79%
Conca de Barberà 6.767 Montblanc
79%
Noguera 17.162 Balaguer
78%
Segarra 9.093 Cervera
78%
Ribera d'Ebre 5.690 Móra d'Ebre
77%
Baix Penedès 33.340 El Vendrell
76%
Terra Alta 3.064 Gandesa
75%
Garrigues 6.002 Les Borges Blanques
75%
Pla d'Urgell 14.574 Mollerussa
74%
Urgell 16.131 Tàrrega
73%
Selva 38.790 Blanes
67%
Baix Empordà 23.046 Palafrugell
51%
No matching quizzes found
Score Distribution
Percent of People with Each Score
Percentile by Number Answered
Your Score History
You have not taken this quiz